[Event "Sao Paulo Camara Memorial 1st"]
[Site "Sao Paulo"]
[Date "2016.03.11"]
[Round "2"]
[White "Tanide, Gabriel Masaharu"]
[Black "Aladic, Gregory"]
[Result "1-0"]
[WhiteElo "1554"]
[BlackElo "1800"]
[PlyCount "61"]
[EventDate "2016.03.11"]
[EventType "swiss"]
[EventRounds "6"]
[EventCountry "BRA"]
[SourceTitle "CBM 171 Extra"]
[Source "ChessBase"]
[SourceDate "2016.04.26"]
[SourceVersion "1"]
[SourceVersionDate "2016.04.26"]
[SourceQuality "1"]

1. e4 e6 2. d4 d5 3. Nc3 Nf6 4. e5 Nfd7 5. Bd3 c5 6. Be3 Nc6 7. Bb5 cxd4 8. Bxd4 Bb4 9. a3 Bxc3+ 10. Bxc3 Qg5 11. Nf3 Qxg2 12. Rg1 Qh3 13. Rxg7 a6 14. Rg3 Qh5 15. Rg5 Qh6 16. Qd2 Qf8 17. Bd3 Nc5 18. 0-0-0 Bd7 19. Nd4 0-0-0 20. Nxc6 Bxc6 21. Ba5 Rd7 22. Bb6 Nxd3+ 23. Qxd3 Qh6 24. Rdg1 Rg8 25. Qe3 Rg6 26. Kb1 Re7 27. Rxg6 Qxe3 28. Rg8+ Re8 29. Rxe8+ Bxe8 30. Bxe3 Kc7 31. Rg7 1-0